Ecuador: ¿intento de golpe o motín policial? /
El presente artículo aporta un análisis detallado sobre los acontecimientos de la asonada del 30 de septiembre en Ecuador, en la que se dio una batalla entre policías y militares en las calles, dejando como resultado la muerte de dos militares, dos policías y un joven estudiante universitario. Dicho...
Gorde:
| Egile nagusia: | |
|---|---|
| Formatua: | Texto |
| Gaiak: | |
| Etiketak: |
Etiketa erantsi
Etiketarik gabe, Izan zaitez lehena erregistro honi etiketa jartzen!
|
MARC
| LEADER | 00000 a a2200000 04500 | ||
|---|---|---|---|
| 001 | 42744 | ||
| 003 | |||
| 040 | |||
| 100 | |a Ospina Peralta, Pablo | ||
| 245 | |a Ecuador: ¿intento de golpe o motín policial? / |c Pablo Ospina Peralta | ||
| 520 | |a El presente artículo aporta un análisis detallado sobre los acontecimientos de la asonada del 30 de septiembre en Ecuador, en la que se dio una batalla entre policías y militares en las calles, dejando como resultado la muerte de dos militares, dos policías y un joven estudiante universitario. Dicho análisis contempla el rol de los diferentes actores y sus intereses, el malestar de la Policía, el estilo de gestión de Correa y la desconexión entre el Ejecutivo y buena parte de las organizaciones sociales. | ||
| 590 | |a SJB/MARZO2012 | ||
| 650 | |a POLICIA | ||
| 650 | |a PERSONAL MILITAR | ||
| 650 | |a FUERZAS ARMADAS | ||
| 650 | |a GRUPOS POPULARES | ||
| 650 | |a DEFENSA | ||
| 650 | |a REPRESION | ||
| 650 | |a CONFLICTOS POLITICOS | ||
| 650 | |a GOBIERNO | ||
| 650 | |a ECUADOR | ||
| 773 | |g número231 (2011), páginas 14-27 | ||
| 999 | |c 20509 |d 20509 | ||
